Normal view
MARC view
- تأليف داغي، علي محي الدين القره
Entry Personal Name
001 - CONTROL NUMBER
- control field: 48432
003 - CONTROL NUMBER IDENTIFIER
- control field: JO-AjAnu
005 - DATE AND TIME OF LATEST TRANSACTION
- control field: 20230606082004.0
008 - FIXED-LENGTH DATA ELEMENTS
- fixed length control field: 230606|| aca||aabn | a|a d
040 ## - CATALOGING SOURCE
- Original cataloging agency: JO-AjAnu
- Transcribing agency: JO-AjAnu
100 ## - HEADING--PERSONAL NAME
- Personal name: تأليف داغي، علي محي الدين القره
670 ## - SOURCE DATA FOUND
- Source citation: Work cat.: (JO-AjAnu)24778: تأليف داغي، علي محي الدين القره , author, حقيبة طالب العلم الأقتصادية(3): المدخل إلى الأقتصاد الإسلامي، دراسة تأصيلية مقارنة بالاقتصاد الوضعي على ضوء الكتاب والسنة ومقاصد الشريعة وتراثنا الفقهي